Los Mallkis y los Malqos en la tierra firme : (Record no. 23175)

000 -CABECERA
fixed length control field 00767nam a22001817i 4500
003 - IDENTIFICADOR DEL NÚMERO DE CONTROL
control field AR-CdUCM
008 - DATOS DE LONGITUD FIJA--INFORMACIÓN GENERAL
fixed length control field 250120b20232023 pe||||| |||| 00| 0 spa d
040 ## - FUENTE DE LA CATALOGACIÓN
Agencia/entidad que catalogó originalmente la obra MUNICIPALIDAD PROVINCIAL DEL CUSCO
Entidad que transcribió la catalogación BIBLIOTECA MUNICIPAL DEL CUSCO
082 ## - NÚMERO DE LA CLASIFICACIÓN DECIMAL DEWEY
No. de Clasificación 803 / R63M / vol. 1
Notacion interna R63M / vol. 1
100 ## - ENTRADA PRINCIPAL--NOMBRE DE PERSONA
Nombre Personal Ríos Zamalloa, Jorge
245 ## - MENCIÓN DE TÍTULO
Título Los Mallkis y los Malqos en la tierra firme :
Resto del título Willakuy /
260 ## - PUBLICACIÓN, DISTRIBUCIÓN, ETC.
Lugar de publicación, distribución, etc. Cusco :
Nombre de la editorial, distribuidor, etc. Autor Editor
300 ## - DESCRIPCIÓN FÍSICA
Nº de Páginas Extensión 180 páginas. :
Dimensiones 20x15 cm.
505 ## - NOTA DE CONTENIDO CON FORMATO
Nota de contenido formateada Chalko Mamani - Ima Sumaq -- Los Mallkis -- El Ukuko danzarín -- La ultima batalla -- La pesadilla nacional -- Los Malqos en acción -- El Mallki Ranra -- La gran marcha -- El gran reencuentro -- Las cartas
942 ## - ELEMENTOS DE PUNTO DE ACCESO ADICIONAL (KOHA)
Fuente de clasificación
Tipo de item Libros-BMC
945 ## - PROCESAMIENTO DE INFORMACIÓN LOCAL (OCLC)
Catalogador pbjr
AAAA-MM-DD - Fecha de ingreso o modificacion 20-01-2025
Holdings
Estado de retiro (separado) Fuente de clasificación o esquema de estanterías Estado dañado Ubicación Sala donde se ubica Nombre de la colección Fecha de adquisición o compra Fuente de adquisición Costo, precio normal en soles Signatura topográfica Código de Barras Última vez visto (Koha) Tipo de ítem (Koha)
No     Administrador-biblioteca Administrador-biblioteca Book Cart 2025-01-20     803 / R63M / vol. 2 SH0000016885 2025-01-20 Libros-BMC
No     Sala Humanidades Sala Humanidades Book Cart 2025-01-20 Donación 15.00 803 / R63M / vol. 1 SH0000016884 2025-01-20 Libros-BMC

Powered by Koha